000 00340nam a2200133Ia 4500
008 240624s9999 xx 000 0 und d
041 _aeng
082 _a658.408 KRO
100 _aKROSINSKY CARY
245 _aSUSTAINABLE INNOVATION AND IMPACT
260 _c2018
_aNew York
_bRoutledge
300 _axvi, 302 p.; 23 cm.
365 _cBPS
_b35
999 _c31616
_d31616